| 000 | 00462cam a2200181ua 4500 | ||
|---|---|---|---|
| 001 | 284 | ||
| 008 | 110328n ii |||gr||||Z||||||eng | ||
| 040 | _cMAIN | ||
| 082 | _a301 | ||
| 245 |
_aSajaktattic chintadharar etihash. _cBy Utpal Saikia. |
||
| 250 | _a1st. | ||
| 260 |
_aGowahati.: _bSaraswati prakashan., _c2009. |
||
| 300 | _a248 p.:5 cm. | ||
| 653 | _aSociology. | ||
| 653 | _aSamajtattic chintadharar etihakh. | ||
| 700 | 1 | _aSaikia, Utpal., | |
| 942 | _cBK | ||
| 999 |
_c241 _d241 |
||